000 01506njm a22003617a 4500
005 20100917160153.0
007 sd ammalaaahaa
008 100904t xxu||||| |||| 00| 0 hin d
028 _aECSD. 2843
_bHis Master's Voice
028 _a2YJW. 544
_bHis Master's Voice
028 _a2YJW. 545
_bHis Master's Voice
035 _aGR-03345
040 _aSED/VEN
100 _91184
_aडे, मन्ना
245 _aतुलसी रामायण (भाग-1)
_bहिन्दी /
_cमन्ना डे; संगीत रचना- मुरली मनोहर स्वरूप; संकलन- नरेन्द्र शर्मा; निर्माता- विजय किशोर दूबे
_h[Sound Recording] :
246 _aTulsi (Manna dey)
250 _aP-1980
260 _aDum Dum, India
_bHis Master's Voice
300 _a1 sound disc [Gramophone Recording] :
_banalog, 33 1/3 rpm ;
_c12 in. [LP]
_fGramophone Records
500 _aBrief Records
500 _aRecord Labels: His Master's Voice, Red
505 _aभाग-1 व 2; बाल काण्ड-आदि खण्ड 2 (मन्ना डे)
600 _920259
_aडे, मन्ना
610 _920322
650 _aClassical Music
_xExcerpts
_zIndia
_918309
700 _918319
700 _918320
700 _920323
700 _920456
700 _920457
942 _2ddc
_cGR
999 _c46614
_d46614